00358nam a2200109Ia 4500008004100000082000800041100001400049245006700063942000600130952009700136999001500233240331s9999 xx 000 0 und d bROB aRoberts,M 0aSinhala consciousness in the Kandyan period 1590s to 1815 :b- cL 001040708LaWERCLbWERCLcSSCd2024-03-31l0o 954.9 ROBp1904r2024-03-31w2024-03-31yL c3544d3544